| 000 | 006390000a22002170004500 | ||
|---|---|---|---|
| 090 |
_aMM _b00052 |
||
| 245 | 1 | 0 |
_aPapallacta _sel reto del agua |
| 300 |
_a25 min. _bVHS |
||
| 650 | 1 | 4 |
_aAgua _9161 |
| 650 | 1 | 4 |
_aRecursos hídricos _992528 |
| 650 | 1 | 4 |
_aManejo ambiental _91309 |
| 650 | 1 | 4 |
_aServicios ambientales _994060 |
| 651 | 4 |
_pColombia _dCauca y Huila _lMacizo colombiano _992749 |
|
| 041 | 0 | _aEspañol | |
| 044 | _aColombia | ||
| 700 | 1 |
_aArboleda, María Ruth _9100919 |
|
| 100 | 1 |
_aIzquierdo, Claudia _9100920 |
|
| 110 | 1 |
_aCorporación Autónoma del Alto Magdalena _sCAM _9100921 |
|
| 260 |
_aNeiva _bCAM _c1996 |
||
| 942 | _cCD-ROM | ||
| 999 |
_c16490 _d16490 |
||